О переименовании г. Пишпек в гор. Фрунзе

RUSMARC
00005242cmc2a2200253#x 450
00191a49e26-1ddd-454b-9c74-39d5ad9f95db
00520250221094742.0
100##$a20230605l19261926k y0rusy50 ca
1010#$arus
$amul
102##$aRU
105##$ay z |||||
1222#$ad19260112##
$ad19260513##
2001#$aО переименовании г. Пишпек в гор. Фрунзе
$j12.01.1926 - 13.05.1926
215##$a10 листов
$d38 х 24,5
251##$cДело
300##$aЛисты: 10-1 - обратная нумерация
300##$aЧасть текста на языках народов СССР
300##$aЧасть текста машинописная и рукописная, часть - напечатана типографским способом
461#0$1001796d4672-8a00-4986-b488-6e42273792cc
$12001
$aЦЕНТРАЛЬНЫЙ ИСПОЛНИТЕЛЬНЫЙ КОМИТЕТ СССР (ЦИК СССР)
$1251
$cФонд
$1852
$gР
$j3316
462#0$1001e365b2fb-f374-4764-a068-dc9012f0aaee
$12001
$aДела Секретариата Президиума ЦИК Союза ССР за 1926 г.
$vД. 753
$1251
$cОпись
$1852
$j19
801#0$aRU
$bGA_RF
801#1$aRU
$bГлавНИВЦ
$c20230605
$2rusmarc
801#2$aRU
$bПБ им. Б.Н. Ельцина
$c20230621
$gRCR
$2rusmarc
852##$aГА РФ
$j753
937##$d185556371
$hГАРФ
035##$aRuPRLIB51071479
856##$uhttp://readingroom.main.prlib.ru/item.aspx?id_node=n185556371&mode=full
605##$2acquisition_Prlib
$3DITM\AF\0000004166
$aРоссия в лицах
$lколлекция
605##$2acquisition_Prlib
$3DITM\AF\0000002775
$aВласть
$lколлекция
605##$2acquisition_Prlib
$3LIBNET\UAF\0000083038
$aРоссия – Киргизия: из истории взаимоотношений
$lколлекция
607##$2prlib_sh
$3LIBNET\UAF\0000115851
$aБишкек, город (Киргизия)
$jАрхивные дела
$xИстория
600#1$2prlib_sh
$3LIBNET\UAF\0000115630
$aФрунзе
$bМ. В
$f1885 - 1925
$gМихаил Васильевич
$jАрхивные дела
$xУвековечение памяти
686##$2rubbk
$a63.3(5Кир-2Биш)61ю1
$vLBC/M
850##$aГосударственный архив Российской Федерации
Формат отображения